| 000 | 00662nam a2200241Ia 4500 | ||
|---|---|---|---|
| 005 | 20250425162521.0 | ||
| 008 | 250425s9999 xx 000 0 und d | ||
| 020 | _a0201106493 | ||
| 041 | _aeng | ||
| 082 | _a658.15 | ||
| 100 | _aCOPELAND, THOMAS E. | ||
| 245 | 0 | _aFINANCIAL THEORY AND CORPORATE POLICY: STUDENTS SOLUTIONS MANUAL FOR | |
| 250 | _a3RD ED. | ||
| 260 |
_aEstados Unidos _bADDISON - WESLEY PUBLISHING COMPANY _c1988 |
||
| 260 | _aS.L. | ||
| 300 | _a234 | ||
| 500 | _adonación por Ivonne Adum de Dassum | ||
| 650 | _aFINANZAS | ||
| 650 | _aMANUALES | ||
| 710 | _aADDISON-WESLEY PUBLISHING COMPANY | ||
| 942 | _c01 | ||
| 010 | _a80856 | ||
| 999 |
_c230835 _d230835 |
||